វាយតម្លៃ លើលទ្ធផលកសិ-រុក្ខកម្មរយៈពេលខ្លី នៅស្ថានីយ៍ដំាឈើកំចាយមារ; (Record no. 3148)

000 -LEADER
fixed length control field 00556nam a22001577a 4500
003 - CONTROL NUMBER IDENTIFIER
control field OSt
005 - DATE AND TIME OF LATEST TRANSACTION
control field 20151104162220.0
008 - FIXED-LENGTH DATA ELEMENTS--GENERAL INFORMATION
fixed length control field 151104b xxu||||| |||| 00| 0 eng d
040 ## - CATALOGING SOURCE
Transcribing agency RUA
082 ## - DEWEY DECIMAL CLASSIFICATION NUMBER
Classification number FOR សំ 1994 B119 Or.1
100 ## - MAIN ENTRY--PERSONAL NAME
9 (RLIN) 3375
Personal name សំ ហាន
245 ## - TITLE STATEMENT
Title វាយតម្លៃ លើលទ្ធផលកសិ-រុក្ខកម្មរយៈពេលខ្លី នៅស្ថានីយ៍ដំាឈើកំចាយមារ;
260 ## - PUBLICATION, DISTRIBUTION, ETC. (IMPRINT)
Place of publication, distribution, etc. Phnom Penh
Name of publisher, distributor, etc. RUA
Date of publication, distribution, etc. 1994
300 ## - PHYSICAL DESCRIPTION
Extent 67p.
Other physical details ill.
Dimensions 29cm.
942 ## - ADDED ENTRY ELEMENTS (KOHA)
Source of classification or shelving scheme
Koha item type FOR
Holdings
Price effective from Date last seen Permanent Location Not for loan Date acquired Source of classification or shelving scheme Koha item type Lost status Withdrawn status Date last checked out Total Checkouts Shelving location Damaged status Barcode Current Location Full call number
2015-11-042015-11-04Library Block B 2015-11-04 FOR    B119 RUA010688Library Block BFOR សំ 1994 B119 Or.1
2015-11-042018-03-07Library Block B 2015-11-04 FOR  2018-03-061B119 RUA010760Library Block BFOR សំ 1994 B119 Or.2
មជ្ឈមណ្ឌលឯការនៃសាកលវិទ្យាល័យភូមិន្ទកសិកម្មចំការដូង

Powered by Koha